000
00330nam a2200145Ia 4500
005
20251222152020.0
008
251222s9999||||xx |||||||||||||| ||spa||
020
_a
8479082542
082
_a
631.85/J81
100
_a
Juárez Sanz, M.
245
0
_a
Fósforo en agricultura
250
_a
1ra.ed.
264
_b
Diana
942
_c
LIB
999
_c
25267
_d
25267